Studies of some factors affecting meiotic resumption in vitro in bovine oocytes /
Saved in:
| Main Author: | |
|---|---|
| Format: | Thesis Book |
| Language: | English |
| Published: |
1996.
|
| Subjects: | |
| Tags: |
Add Tag
No Tags, Be the first to tag this record!
|
| LEADER | 01041cam a2200277 a 4500 | ||
|---|---|---|---|
| 001 | u406012 | ||
| 003 | SIRSI | ||
| 008 | 940711s1996 my t 00 1 eng m | ||
| 035 | |a ACB-9573 | ||
| 040 | |a UMM | ||
| 090 | |a QL965 |b Habb | ||
| 091 | |a Microfiche 14680 | ||
| 100 | 0 | 0 | |a Habsah Bidin. |
| 245 | 1 | 0 | |a Studies of some factors affecting meiotic resumption in vitro in bovine oocytes / |c Habsah Bidin. |
| 260 | |c 1996. | ||
| 300 | |a xix, 192 leaves : |b ill. ; |c 30 cm. | ||
| 500 | |a Microfiche. Kuala Lumpur : University of Malaya Library, 2000. 3 fiches : negative ; 11 x 15 cm. | ||
| 502 | |a Dissertation (M.Sc.) -- Jabatan Genetik dan Biologi Sel, Fakulti Sains, Universiti Malaya, 1996. | ||
| 504 | |a Bibliography: leaves 148-183. | ||
| 650 | 0 | |a Oogenesis. | |
| 650 | 0 | |a Reproductive technology. | |
| 650 | 0 | |a Cattle |x Reproduction | |
| 710 | 2 | 0 | |a Universiti Malaya. |b Jabatan Genetik dan Biologi Sel. |
| 948 | |a 02/01/1997 |b 16/08/2004 | ||
| 596 | |a 1 | ||
| 999 | |a QL965 HABB |w LC |c 1 |i A506428495 |d 4/7/2001 |l STACKS |m P01UTAMA |n 1 |r Y |s Y |t TESIS |u 1/4/1997 | ||
